000 00989cam a22002534a 4500
005 20250605164327.0
008 250528s ||||||||||||||||||||||||d
035 _a23113
020 _a335191819
040 _aGR-AtMCL
_bgre
_dGR-AtMCL
_eAACR2
245 1 _aQualitative Methods in Psychology
250 _a1st
260 _bOpen University Press,
_c1994
300 _a184
520 _aThis book is a collaborative production, based on the experiences of the co authors in presenting a course in qualitative methods over many years to MSc students. Preface, Qualitative Research, Observation, Ethnography, Interviewing, Personal Construct Approaches, Discourse Analysis, Action Research, Feminist Research, Issues of Evaluation, Report Writing, Index.
700 1 _aBanister Peter
_98668
700 1 _aBurman Erica
_98097
700 1 _aMaye Taylor
_98669
700 1 _aParker Ian
_98670
700 1 _aTindall Carol
_98671
942 _cBK
999 _c8143
_d8143